| 000 | 00534cam a2200217 4500 | ||
|---|---|---|---|
| 001 | 2707746 | ||
| 005 | 20180312093408.0 | ||
| 008 | 711229s1972 nju 000 0 eng | ||
| 010 | _a 76038997 | ||
| 020 | _a0138215383 | ||
| 040 |
_aDLC _cDLC _dDLC |
||
| 041 | _aeng | ||
| 080 | _a808.8 LEV | ||
| 082 | 0 | 0 | _a808.8 LEV |
| 100 | 1 | _a49 | |
| 101 | _aSOC | ||
| 245 | 1 | 0 |
_aSociology through literature, _cedited by Lewis A. Coser. |
| 350 | _a$5.95 | ||
| 906 |
_a7 _bcbc _corignew _d1 _eocip _f19 _gy-gencatlg |
||
| 942 |
_2ddc _cBK |
||
| 999 |
_c44774 _d44774 |
||